00525nam a2200181 4500003000400000005001700004008004100021020001800062040001800080050001600098100003000114245006300144264004800207300001800255336002200273337002400295338002400319OSt20260601193846.0260507b2016 |||||||| |||| 001 0 eng d a9781607589266 aICIbspacICI aHD57.7bT67 1aWolrdwide Publishing Inc. 1aTop 101 Industry Experts:bInsights & Ideas To Inspire You bWolrdwide Publishing c2016aEstados Unidos a317 páginas atexto2rdacontent asin medio2rdamedia avolumen2rdacarrier